Introducción a una estimativa

Kaydedildi:
Detaylı Bibliyografya
Materyal Türü: Kitap
Dil:İspanyolca
Baskı/Yayın Bilgisi: Valparaíso Universidad Católica de Valparaíso 1970
Konular:
Etiketler: Etiketle
Etiket eklenmemiş, İlk siz ekleyin!

MARC

LEADER 00000nam a2200000 a 4500
001 UCU1217
003 CL-VaPUC
008 960329e19700000CL |||||||||||||||||spa|d
082 0 4 |a 170.2  |b ORT  |2 21 
245 1 0 |a Introducción a una estimativa 
300 |a 21 p 
942 |c BK 
945 |d 19960329 00:00:00  |a paguirre 
260 |a Valparaíso  |b Universidad Católica de Valparaíso  |c 1970 
650 0 |a Ética  |9 255099 
650 0 |a Valores morales   |9 310604 
650 0 |a Valor  |9 323720 
650 0 |a Axiología  |9 334895 
583 |a last modification  |c 19960329 00:00:00  |k Rodrigo Vera 
999 |c 245919  |d 245917 
952 |0 0  |1 0  |4 0  |6 170_200000000000000_ORT_1970  |7 0  |8 P  |9 260549  |a BIBEDU  |b BIBEDU  |c BIBEDU_PB  |d 2019-11-19  |i 201534K  |o 170.2 ORT 1970  |p 201534K  |r 2024-01-25  |w 2019-11-19  |y BK  |k FIL